000 00378 a2200157 4500
001 69197
020 _a9788572085281
040 _cAnchieta - Itaigara
100 _aAlenquer, Fabiana Fortini
240 1 0 _aUma casa cheia de mistérios
_lpor
245 1 0 _aUma casa cheia de mistérios
300 _a31
362 0 _a2007
650 4 _aLiteratura infanto-juvenil
942 _cBK
999 _c69197
_d69197